header

Nanomedicine (Record no. 23785)

MARC details
000 -LEADER
fixed length control field 01336nam a2200337Ia 4500
100 1# - MAIN ENTRY--AUTHOR NAME
Personal name Varadan, V. K.,
245 10 - TITLE STATEMENT
Title Nanomedicine
260 ## - PUBLICATION, DISTRIBUTION, ETC. (IMPRINT)
Place of publication Chichester, U.K. :
Name of publisher Wiley,
Year of publication 2008.
300 ## - PHYSICAL DESCRIPTION
Number of Pages xvi, 467 p. :
Other physical details ill., maps.
650 #0 - SUBJECT ADDED ENTRY--TOPICAL TERM
Topical Term Nanomedicine.
Topical Term Ferromagnetic materials.
Topical Term Nanostructured materials.
700 1# - ADDED ENTRY--PERSONAL NAME
Personal name Chen, Linfeng.
Personal name Xie, Jining.
856 40 - ELECTRONIC LOCATION AND ACCESS
Uniform Resource Identifier http://site.ebrary.com/lib/rucke/Doc?id=10270693

No items available.

© 2026 Rongo University
Contact us: librarian | system librarian | Rongo university